|
|
|
|
| LEADER |
00000nam a22000007a 4500 |
| 005 |
2021022408488.0 |
| 007 |
cr|||| |||| |
| 008 |
210224s2015 us |||||s|||| 00||0 eng d |
| 020 |
|
|
|a 9781634250214
|
| 035 |
|
|
|a 31217
|
| 040 |
|
|
|a vLex
|
| 090 |
|
|
|c 11246
|d 11246
|
| 100 |
1 |
|
|a Freking, Randy
|
| 245 |
2 |
0 |
|a ABA Consumer Guide to Employee Rights
|h [Recurso electrn̤ico] :
|b Understanding and Asserting Your Rights on the Job /
|c Randy Freking
|
| 256 |
|
|
|a Servicio en ln̕ea
|
| 260 |
|
|
|a Chicago:
|b American Bar Association,
|c 2015
|
| 300 |
|
|
|a 1 recurso electrn̤ico
|
| 500 |
|
|
|a Written by a veteran employment attorney, this clearly written book helps employees understand their rights on the job and what they can do if those rights are violated.
|
| 506 |
1 |
|
|a Disponible solo en los productos indicados
|d vLex Global
|d vLex Global (Academic Edition, excluding Law Schools)
|d vLex Global (Academic Edition, Law Schools)
|
| 650 |
0 |
4 |
|a Derecho Laboral y Seguridad Social
|z Estados Unidos
|
| 740 |
0 |
|
|a vLex Libros (Servicio en ln̕ea)
|
| 856 |
4 |
0 |
|u http://vlex.com/source/aba-consumer-guide-to-employee-rights-understanding-and-asserting-your-rights-on-the-job-31217
|z Acceso restringido
|
| 942 |
|
|
|c BOOK
|
| 999 |
0 |
|
|a Labor law and social security
|